Sławni ludzie według wskazówki #1 - Statystyki

Ogólne statystyki
  • Ten quiz został rozwiązany 115 razy
  • Średni wynik to 6 z 14
Statystyki odpowiedzi
Wskazówka Imie % Poprawnych
Ten człowiek odkrył Amerykę Krzysztof Kolumb
96%
Jako pierwszypoleciał na księżyc Neil Armstrong
70%
Obecny na 2024 rok prezydent Polsko Andrzej Duda
64%
Pierwszy Prezydent Stanów Zjednoczonych George Washington
61%
polityk i mąż stanu Republiki Weimarskiej i III Rzeszy Adolf Hitler
57%
Pierwszy konsul Republiki Francuskiej i cesarz Francuzów Napoleon Bonaparte
57%
Jeden z najwybitniejszych polskich poetów(Epoka romantyzmu) Adam Mickiewicz
56%
Polityk i mąż stanu Rosji Sowieckiej i ZSRR(Bolszewik) Włodzimierz Lenin
39%
Król Francji od 1774 roku i do jego śmierci(Rewolucja Francuska) Ludwik XVI
31%
Ostatni car Rosji z rodu Romanowych Mikołaj II
24%
Kanclerz Rzeszy Niemieckiej Otto von Bismarck
19%
71 premier Wielkiej Brytanii Margaret Thatcher
9%
Kapitan polskich wojsk podczas powstania listopadowego Emilia Plater
4%
Głównodowodzący Armii Konfederatów Północnej Wirginii podczas wojny secesyjnej Robert E. Lee
3%
Nie znaleziono quizów pasujących do podanych kryteriów
Rozkład punktacji
Procent ludzi z każdym wynikiem
Percentyl według liczby udzielonych odpowiedzi
Twoja historia wyników
Nie rozwiązałeś tego quizu